000
00179nam a2200085 4500
001
1232359
005
20250922122443.0
245
_a
BALKANLAR
_c
MEFAİL HIZLI
260
_b
KÜLTÜR A.Ş
999
_c
1232359
_d
1232359